| 000 | 00582nam a22001937a 4500 | ||
|---|---|---|---|
| 100 | _aGiroh, D.Y | ||
| 245 | _aTechnical efficiency and profitability of small holder natural rubber production in southern Nigeria | ||
| 260 |
_bJournal of Plantation Crops, 50(1):8-19. _c2022 |
||
| 650 | _aGross margin | ||
| 650 | _aProduction | ||
| 650 | _aProfitability | ||
| 650 | _aRubber clones | ||
| 650 | _aStochastic frontier | ||
| 650 | _aTechnical efficiency | ||
| 650 | _aSouthern Nigeria | ||
| 700 | _aNachandiya, N | ||
| 856 | _udoi:10.2508/jpc.2022.v50.i1.7546 | ||
| 942 | _cJS | ||
| 999 |
_c74876 _d74876 |
||